000 00448nam a2200169 4500
001 121455
003 ES-MaACL
005 20230906191743.0
007 t|
008 070214s1968 sp r ||||1| cat d
100 1 _aPorcel, Baltasar.
_993114
245 1 4 _aEls argonautes /
_cBaltasar Porcel.
250 _a1ยช. ed.
260 _aBarcelona :
_bEdcions 62,
_c1968.
300 _a261 p. :
_bil. ;
_c21 cm.
852 _aES-MaACL
_jC-48549
_bR.67765
999 _c121455
_d121455